000 00389nam a2200145Ia 4500
008 231217s9999 xx 000 0 und d
041 _aEnglish
082 _a621.312 KIM.1
100 _aKimbark, Edward Wilson
245 0 _aPower system stability V.1: Elements of stability calculations
260 _c1948
_bJohn Wiley
300 _aviii+365
650 _aPower system
942 _cAA
999 _c162061
_d162061